Implementácia GDPR v podnikovom prostredí
Nový rámec ochrany údajov v EÚ - silnejšia ochrana a nové možnosti. Najpodstatnejšie zmeny, ktoré nová regulácia ochrany osobných údajov prináša.
Uložené v:
| Hlavný autor: | |
|---|---|
| Ďalší autori: | , |
| Médium: | Kapitola |
| Jazyk: | Slovak |
| Predmet: | |
| Tagy: |
Žiadne tagy, Buďte prvý, kto otaguje tento záznam!
|
MARC
| LEADER | 00000naa$a2200000$$$4500 | ||
|---|---|---|---|
| 001 | 0248770 | ||
| 005 | 20240502073959.1 | ||
| 041 | 0 | |a slo | |
| 044 | |a SK | ||
| 245 | 1 | 0 | |a Implementácia GDPR v podnikovom prostredí |c Peter Zeman, Jaroslav Dugas, Marek Hargaš |
| 520 | |a Nový rámec ochrany údajov v EÚ - silnejšia ochrana a nové možnosti. Najpodstatnejšie zmeny, ktoré nová regulácia ochrany osobných údajov prináša. | ||
| 610 | 2 | 0 | |a ochrana údajov osobných |
| 610 | 2 | 0 | |a regulácia |
| 610 | 2 | 0 | |a informácie |
| 610 | 2 | 0 | |a osoby fyzické |
| 610 | 2 | 0 | |a smernice |
| 610 | 2 | 0 | |a predpisy právne |
| 610 | 2 | 0 | |a GDPR |
| 610 | 2 | 0 | |a Európska únia |
| 100 | 1 | |a Zeman, Peter | |
| 700 | 1 | |a Dugas, Jaroslav, 1967- | |
| 700 | 1 | |a Hargaš, Marek | |